| 000 | 00436nam a2200181Ia 4500 | ||
|---|---|---|---|
| 001 | 18104 | ||
| 005 | 20260306171606.0 | ||
| 008 | 260306s9999||||xx |||||||||||||| ||und|| | ||
| 041 | _aESP | ||
| 082 |
_a658.4012 _bC92 |
||
| 100 |
_aCruelles, José Agustín _eAUT |
||
| 245 | 0 | _aLa fábrica de beneficios | |
| 260 | _c2013 | ||
| 300 |
_axiii, 187 páginas : _c23 cm. |
||
| 650 | _aGEN | ||
| 654 | _aCAN | ||
| 942 |
_cLIB _dJUS _fJUS _2ddc _n |
||
| 999 |
_c18104 _d18104 |
||